Представление документа в формате RUSMARC

ПолеНазваниеЗначение
  Тип записи a
  Библиографический уровень m
001 Контрольный номер RU/SLIB/B/208755058
005 Дата корректировки 20241122143142.6
010 Индекс ISBN __
d Цена 15-00
101 Язык документа 0_
a Язык текста rus
c Язык оригинала rus
200 Заглавие и сведения об ответственности 0_
a Заглавие Саксофон
f Первые сведения об ответственности Иванов В. Д.
b Общее обозначение материала Текст
210 Выходные данные 1_
a Место издания М.
c Издательство Музыка
d Дата издания 1990
215 Физическое описание __
a Объем 62 с.
c Иллюстрации/тип воспроизводства ил.
225 Серия 2_
a Серия Музыкальные инструменты
606 Тематические рубрики __
a Основная рубрика Музыка и зрелищные искусства
606 Тематические рубрики __
a Основная рубрика Инструментальная музыка
610 Ключевые слова 0_
a Ключевые слова саксофоны; инструментальные произведения; музыкальные произведения
686 Индексы других классификаций __
a Классификационный индекс 85.315.3
700 Автор _1
a Фамилия Иванов
b Имя В. Д.
4 Код отношения 070
801 Источник записи _0
a Страна RU
b Организация Муниципальное бюджетное учреждение культуры "Централизованная библиотечная система" г. Сургут (Центральная городская библиотека им. А. С. Пушкина)
g Правила каталогизации КиК/Михайлова
801 Источник записи _1
a Страна RU
b Организация Муниципальное бюджетное учреждение культуры "Централизованная библиотечная система" г. Сургут (Центральная городская библиотека им. А. С. Пушкина)
g Правила каталогизации КиК/Михайлова
852 Данные о местонахождении __
j Шифр хранения 85.315.3
c Каталожный индекс 85.315.3
i Авторский знак И 20
p Инвентарный номер 53718
901 Тип документа __
t Тип документа m
990 Данные о заказе (DOS) __
j Количество экземпляров (DOS) 1
t N записи в КСУ для И/У (DOS) 199501